Geography focus 1 / (Record no. 3215)

MARC details
000 -LEADER
fixed length control field 00902nam a22002537a 4500
001 - CONTROL NUMBER
control field 3215
003 - CONTROL NUMBER IDENTIFIER
control field FISKH
005 - DATE AND TIME OF LATEST TRANSACTION
control field 20250325122952.0
008 - FIXED-LENGTH DATA ELEMENTS--GENERAL INFORMATION
fixed length control field 240220b cb ||||| |||| 00| 0 eng d
020 ## - INTERNATIONAL STANDARD BOOK NUMBER
International Standard Book Number 9780733977145
040 ## - CATALOGING SOURCE
Original cataloging agency FISKH
Language of cataloging eng
Transcribing agency FISKH
Modifying agency FISKH
082 ## - DEWEY DECIMAL CLASSIFICATION NUMBER
Classification number 910
100 ## - MAIN ENTRY--PERSONAL NAME
Personal name Zuylen, Sue Van
245 ## - TITLE STATEMENT
Title Geography focus 1 /
Statement of responsibility, etc. Sue van Zuylen, Glyn Trethewy, Helen McIsaac
250 ## - EDITION STATEMENT
Edition statement This edition published in 2013
260 ## - PUBLICATION, DISTRIBUTION, ETC.
Place of publication, distribution, etc. Vitoria :
Name of publisher, distributor, etc. Pearson,
Date of publication, distribution, etc. 2007
300 ## - PHYSICAL DESCRIPTION
Extent 350 pages :
Other physical details color illustrations ;
Dimensions 28 cm
520 ## - SUMMARY, ETC.
Summary, etc. Geography Focus is a series specifically written to provide comprehensive coverage of the Stages 4-5 New South Wales Geography syllabus.
650 ## - SUBJECT ADDED ENTRY--TOPICAL TERM
Topical term or geographic name entry element Geography
Form subdivision Textbooks
General subdivision McIsaac, Helen
Chronological subdivision Sue Van Zuylen
Geographic subdivision Geography focus
700 ## - ADDED ENTRY--PERSONAL NAME
Personal name Trethewy, Glyn
Relator term Author
700 ## - ADDED ENTRY--PERSONAL NAME
Personal name McIsaac, Helen
Relator term Author
942 ## - ADDED ENTRY ELEMENTS (KOHA)
Source of classification or shelving scheme Dewey Decimal Classification
Koha item type Books
Suppress in OPAC No
Holdings
Withdrawn status Lost status Source of classification or shelving scheme Damaged status Not for loan Collection Home library Current library Shelving location Date acquired Total Checkouts Full call number Barcode Date last seen Copy number Price effective from Koha item type Date last checked out
    Dewey Decimal Classification     Non-Fiction Footprints International School Library Network Toul Kork Campus Footprints International School Library Network Toul Kork Campus   02/20/2024   ZUY 910 FISSE04396 02/20/2024 1 02/20/2024 Books  
    Dewey Decimal Classification     Non-Fiction Footprints International School Library Network Toul Kork Campus Footprints International School Library Network Toul Kork Campus   02/20/2024   ZUY 910 FISSE04365 03/04/2024 2 02/20/2024 Books  
    Dewey Decimal Classification     Non-Fiction Footprints International School Library Network Toul Tom Poung Campus Footprints International School Library Network Toul Tom Poung Campus TTP Secondary Non-Fiction Bookshelves 03/25/2025   ZUY 910 FISSE04379 03/25/2025 3 03/25/2025 Books  
    Dewey Decimal Classification     Non-Fiction Footprints International School Library Network Toul Tom Poung Campus Footprints International School Library Network Toul Tom Poung Campus TTP Secondary Non-Fiction Bookshelves 03/25/2025   ZUY 910 FISSE03142 03/25/2025 4 03/25/2025 Books  
    Dewey Decimal Classification     Non-Fiction Footprints International School Library Network Toul Tom Poung Campus Footprints International School Library Network Toul Tom Poung Campus TTP Secondary Non-Fiction Bookshelves 03/25/2025 1 ZUY 910 FISSE03345 11/10/2025 5 03/25/2025 Books 10/31/2025
    Dewey Decimal Classification     Non-Fiction Footprints International School Library Network Toul Tom Poung Campus Footprints International School Library Network Toul Tom Poung Campus TTP Secondary Non-Fiction Bookshelves 03/25/2025   ZUY 910 FISSE04397 03/25/2025 6 03/25/2025 Books  
    Dewey Decimal Classification     Non-Fiction Footprints International School Library Network Toul Tom Poung Campus Footprints International School Library Network Toul Tom Poung Campus TTP Secondary Non-Fiction Bookshelves 03/25/2025   ZUY 910 FISSE03367 03/25/2025 7 03/25/2025 Books  
    Dewey Decimal Classification     Non-Fiction Footprints International School Library Network Toul Tom Poung Campus Footprints International School Library Network Toul Tom Poung Campus TTP Secondary Non-Fiction Bookshelves 03/25/2025   ZUY 910 FISSE04385 03/25/2025 8 03/25/2025 Books  
    Dewey Decimal Classification     Non-Fiction Footprints International School Library Network Toul Tom Poung Campus Footprints International School Library Network Toul Tom Poung Campus TTP Secondary Non-Fiction Bookshelves 03/25/2025   ZUY 910 FISSE03311 03/25/2025 9 03/25/2025 Books  
    Dewey Decimal Classification     Non-Fiction Footprints International School Library Network Toul Tom Poung Campus Footprints International School Library Network Toul Tom Poung Campus TTP Secondary Non-Fiction Bookshelves 03/25/2025   ZUY 910 FISSE03155 03/25/2025 10 03/25/2025 Books